(Record no. 185520)
[ view plain ]
| 000 -CABECERA | |
|---|---|
| campo de control de longitud fija | 01411nam a2200229Ia 4500 |
| 001 - NÚMERO DE CONTROL | |
| campo de control | IA_5832,09/02/2015,09/02/2015,5232272014 mx edml8223123322spa16," |
| 008 - DATOS DE LONGITUD FIJA--INFORMACIÓN GENERAL | |
| campo de control de longitud fija | 220117ss / xx 000 0 und d |
| 010 ## - NÚMERO DE CONTROL DE LA BIBLIOTECA DEL CONGRESO | |
| Número de control de LC | 185520 |
| 090 ## - LOCALMENTE ASIGNADO TIPO-LC NÚMERO DE CLASIFICACIÓN (OCLC); NÚMERO DE CLASIFICACIÓN LOCAL (RLIN) | |
| Número de clasificación (OCLC) (R) ; Numero de clasificación, CALL (RLIN) (NR) | Tesis D53 2014 |
| 100 ## - ENTRADA PRINCIPAL--NOMBRE DE PERSONA | |
| Nombre de persona | Díaz Rosas |
| 9 (RLIN) | 159586 |
| 260 ## - PUBLICACIÓN, DISTRIBUCIÓN, ETC. | |
| Lugar de publicación, distribución, etc. | México : |
| Nombre del editor, distribuidor, etc. | El autor, |
| Fecha de publicación, distribución, etc. | s / |
| 300 ## - DESCRIPCIÓN FÍSICA | |
| Extensión | xxii |
| 500 ## - NOTA GENERAL | |
| Nota general | El CD contiene artículo |
| 502 ## - NOTA DE TESIS | |
| Nota de tesis | Tesis (Ingeniero Agrónomo Especialista en Ingeniería Agroindustrial) -- UACh. Departamento de Ingeniería Agroindustrial |
| 901 ## - ELEMENTOS DE DATOS A LOCAL LDA (RLIN) | |
| a | de este punto nace la idea del presente trabajo que es elaborar dos productos |
| 902 ## - ELEMENTOS DE DATOS B LOCAL, LDB (RLIN) | |
| a | nopales en escabeche y nopales en salmuera estos a su vez en presentaciones de 250 y 450g correspondientemente. Para este estudio se realizó una revisión sobre la situación actual del nopal enfocado a la región de Tlayacapan analizando las ventajas y desventajas para llevar a cabo la puesta en marcha de la empresa Yopitas S.P.R de R.L. |
| 903 ## - ELEMENTOS DE DATOS C LOCAL, LDC (RLIN) | |
| a | por otra parte también se elaboró un estudio de mercado en el que se plantea la cadena de comercialización destinada a la exportación del producto y donde los principales consumidores será la población hispana que habita en Estados Unidos. |
| 904 ## - ELEMENTOS DE DATOS D LOCAL, LDD (RLIN) | |
| a | s / |
| 942 ## - ELEMENTOS DE PUNTO DE ACCESO ADICIONAL (KOHA) | |
| Tipo de ítem Koha | |
No items available.
